Integración y desarrollo en las Américas /
Zapisane w:
| 1. autor: | |
|---|---|
| Format: | Texto |
| Hasła przedmiotowe: | |
| Etykiety: |
Dodaj etykietę
Nie ma etykietki, Dołącz pierwszą etykiete!
|
MARC
| LEADER | 00000 a a2200000 04500 | ||
|---|---|---|---|
| 001 | 13079 | ||
| 003 | |||
| 040 | |||
| 100 | |a Murillo, Carlos | ||
| 245 | |a Integración y desarrollo en las Américas / |c Carlos Murillo | ||
| 650 | |a INTEGRACION REGIONAL | ||
| 650 | |a POLITICA ECONOMICA | ||
| 650 | |a AMERICAS | ||
| 650 | |a AMERICA DEL NORTE | ||
| 650 | |a AMERICA LATINA | ||
| 773 | |g volumen 5, número 5; páginas 6-8 | ||
| 999 | |c 25838 |d 25838 | ||
